From integrated rural development to sustainable livelihoods: what is the role of food and agriculture? /
Saved in:
| Main Author: | |
|---|---|
| Format: | Text |
| Subjects: | |
| Tags: |
Add Tag
No Tags, Be the first to tag this record!
|
MARC
| LEADER | 00000 a a2200000 04500 | ||
|---|---|---|---|
| 001 | 8182 | ||
| 003 | |||
| 040 | |||
| 100 | |a Haug, Ruth | ||
| 245 | |a From integrated rural development to sustainable livelihoods: |b what is the role of food and agriculture? / |c Ruth Haug | ||
| 650 | |a DESARROLLO SUSTENTABLE | ||
| 650 | |a AGRICULTURA | ||
| 650 | |a DESARROLLO RURAL | ||
| 650 | |a POBREZA | ||
| 650 | |a SEGURIDAD ALIMENTARIA | ||
| 650 | |a AJUSTE ESTRUCTURAL | ||
| 650 | |a ALIMENTACION | ||
| 650 | |a PRODUCCION | ||
| 650 | |a MEDIO AMBIENTE | ||
| 650 | |a CRECIMIENTO DEMOGRAFICO | ||
| 650 | |a TECNOLOGIA | ||
| 773 | |g número 2; páginas 181-202 | ||
| 999 | |c 35614 |d 35614 | ||
